000 00371 a2200169 4500
001 184061
020 _a85-349-0710-2
040 _cMagnum
100 _aAlves, Rubem
240 1 0 _aA libélula e a tartaruga
_lpor
245 1 0 _aA libélula e a tartaruga
300 _a
362 0 _a2004
440 1 _aPaulus
697 _aLITERATURA INFANTO-JUVENIL
942 _cBK
999 _c184061
_d184061